000 02223nam a22003497a 4500
001 102500
003 KnowledgeUnlatched
005 20210303105010.0
006 m o d
007 cr u||||||||||
008 210129p20192019enk o u00| u eng d
037 _5BiblioBoard
245 0 0 _aFashion, History, Museums
_bInventing the display of dress /
_cJulia Petrov.
020 _a9781350049000
029 1 _ahttps://library.biblioboard.com/ext/api/media/9b32c965-e6ed-4573-b507-92b1eaf799a5/assets/thumbnail.jpg
040 _aScCtBLL
_cScCtBLL
100 1 _aPetrov, Julia
_eauthor.
264 1 _bBloomsbury Academic,
300 _a1 online resource (1 p.)
506 0 _aAccess copy available to the general public.
_fUnrestricted
_2star
520 _aThe last decade has seen the growing popularity and visibility of fashion as a cultural product, including its growing presence in museum exhibitions. This book explores the history of fashion curating and exhibitions, highlighting the continuity of past and present curatorial practices. Comparing and contrasting exhibitions from different museums and decades - from the Paris Exposition Universelle of 1900 to the Alexander McQueen Savage Beauty show at the Metropolitan Museum of Art in 2011 - it makes connections between museum fashion and the wider fashion industry. By critically analyzing trends in fashion exhibition practice over the twentieth and early twenty-first centuries, Julia Petrov defines and describes the varied representations of historical fashion within British and North American museum exhibitions.
588 0 _aDescription based on print version record.
590 _aKU Select 2018: HSS Frontlist Books
650 7 _aDesign / Fashion & Accessories
_2bisacsh
650 0 _aDesign
655 0 _aElectronic books.
758 _iIs found in:
_aKnowledge Unlatched
_1https://openresearchlibrary.org/module/2774bc74-146a-484f-a7ba-ab1d6a09bbfb
856 4 0 _uhttps://openresearchlibrary.org/content/9b32c965-e6ed-4573-b507-92b1eaf799a5
_zView this content on Open Research Library.
_70
999 _c33221
_d33221